000 00868cad a22002295a 4500
001 E147606
008 090225s2002 xxk f 000 0 eng d
020 _a1853973394
035 _a(Sirsi) u147606
041 0 _aeng
050 0 4 _a711.558 $2 18
110 2 _aScottish Natural Heritage
_92794
245 0 0 _aCountryside access design guide
_h[electronic resource]
260 _a[Scotland]
_bSNH
_c2002
520 _aOffers design guidance for a variety of structures associated with public access to the countryside, including gates, stiles, steps, fences, boardwalks and picnic tables.
521 _aAdvanced
590 _aKA
651 4 _aScotland
_y1999-
690 _aENVIRONMENTAL AND LAND CONSULTANCY-ENVIRONMENTAL MANAGEMENT
856 4 0 _uhttps://www.snh.org.uk/pubs/detail.asp?id=104
_zView the report free of charge at www.snh.org.uk...
942 _n0
999 _c109648
_d109648